Statistics for WWE 2K16 2K Showcase Matches

Click here to take the quiz!

General Stats

  • This quiz has been taken 99 times
  • The average score is 65 of 86

Answer Stats

HintAnswer% Correct
18. WrestleMania XVThe Rock
97%
7. D-Generation X: In Your HouseThe Rock
97%
2. Survivor Series 2000The Rock
97%
29. WrestleMania XIXThe Rock
97%
23. Royal Rumble 2001The Rock
97%
19. Backlash 1999The Rock
97%
14. RawThe Rock
97%
25. WrestleMania X7The Rock
97%
22. Fully Loaded 1999The Undertaker
95%
13. Summerslam 1998The Undertaker
95%
23. Royal Rumble 2001The Undertaker
95%
26. Backlash 2001The Undertaker
95%
21. RawThe Undertaker
95%
15. Rock Bottom: In Your HouseThe Undertaker
95%
5. In Your House 14: Revenge Of The TakerBret Hart
94%
4. WrestleMania 13Bret Hart
94%
3. Survivor Series 1996Bret Hart
94%
12. RawKane
94%
26. Backlash 2001Kane
94%
23. Royal Rumble 2001Kane
94%
20. King Of The Ring 1999Shane McMahon
91%
20. King Of The Ring 1999Steve Austin
91%
19. Backlash 1999Steve Austin
91%
1. King Of The Ring 1996Steve Austin
91%
21. RawSteve Austin
91%
23. Royal Rumble 2001Steve Austin
91%
18. WrestleMania XVSteve Austin
91%
25. WrestleMania X7Steve Austin
91%
26. Backlash 2001Steve Austin
91%
27. WCW Clash Of The Champions XXVSteve Austin
91%
28. Vengeance 2001Steve Austin
91%
29. WrestleMania XIXSteve Austin
91%
24. No Way Out 2001Steve Austin
91%
22. Fully Loaded 1999Steve Austin
91%
17. ECW November To Remember 1995Steve Austin
91%
11. Over The Edge: In Your HouseSteve Austin
91%
2. WCW Bash At The The Beach 1994Steve Austin
91%
3. Survivor Series 1996Steve Austin
91%
4. WrestleMania 13Steve Austin
91%
6. King Of The Ring 1997Steve Austin
91%
7. D-Generation X: In Your HouseSteve Austin
91%
8. WrestleMania XIVSteve Austin
91%
9. WrestleMania XIISteve Austin
91%
10. Unforgiven: In Your HouseSteve Austin
91%
5. In Your House 14: Revenge Of The TakerSteve Austin
91%
16: St. Valentines Day Massacre: In Your HouseSteve Austin
91%
15. Rock Bottom: In Your HouseSteve Austin
91%
14. RawSteve Austin
91%
13. Summerslam 1998Steve Austin
91%
12. RawSteve Austin
91%
16: St. Valentines Day Massacre: In Your HouseVince McMahon
91%
20. King Of The Ring 1999Vince McMahon
91%
8. WrestleMania XIVShawn Michaels
89%
6. King Of The Ring 1997Shawn Michaels
89%
26. Backlash 2001Triple H
89%
24. No Way Out 2001Triple H
89%
1. King Of The Ring 1996Jake Roberts
85%
1. This Tuesday In Texas 1991Jake Roberts
85%
28. Vengeance 2001Chris Jericho
65%
7. Halloween Havoc 1996Kevin Nash
65%
2. Survivor Series 2000Rikishi
65%
23. Royal Rumble 2001Rikishi
65%
7. Halloween Havoc 1996Scott Hall
60%
17. ECW November To Remember 1995Mikey Whipwreck
58%
4. WCW Clash Of The Champions XVIIRicky Steamboat
57%
2. WCW Bash At The The Beach 1994Ricky Steamboat
57%
9. WrestleMania XIISavio Vega
55%
23. Royal Rumble 2001Billy Gunn
52%
7. Halloween Havoc 1996Booker T
51%
11. Over The Edge: In Your HouseDude Love
49%
10. Unforgiven: In Your HouseDude Love
49%
5. WCW/NJPW Japan Supershow IRic Flair
48%
27. WCW Clash Of The Champions XXVBrian Pillman
46%
1. This Tuesday In Texas 1991Randy Savage
45%
23. Royal Rumble 2001Haku
43%
7. Halloween Havoc 1996Stevie Ray
34%
6. Summerslam 1991Bushwhacker Luke
23%
6. Summerslam 1991Earthquake
23%
5. WCW/NJPW Japan Supershow ITatsumi Fujinami
23%
6. Summerslam 1991Bushwhacker Butch
22%
4. WCW Clash Of The Champions XVIIDustin Rhodes
22%
6. Summerslam 1991Typhoon
22%
3. WrestleMania 31Alundra Blayze
20%
3. WrestleMania 31Paige
20%
4. WCW Clash Of The Champions XVIIArn Anderson
18%
4. WCW Clash Of The Champions XVIILarry Zbyszko
12%

Score Distribution

Percentile by Number Answered

Percent of People with Each Score

Your Score History

You have not taken this quiz